00442nam a2200157Ia 4500003000400000005001700004008004100021020001800062040000900080082002200089100002200111245007500133260004700208300000900255650002000264OSt20201222113041.0190216s9999||||xx |||||||||||||| ||und|| a9780195148039 coclc a909.097671bESP/T aEsposito, John L  4aThe Oxford Encyclopedia Of The Modern Islamic World /cJohn L Esposito bOxford University Press,c2001.aNew York: a466p aIslamic History